
Library Catalogue

| 000 -LEADER | |
|---|---|
| fixed length control field | 01305cam a22002534a 4500 |
| 001 - CONTROL NUMBER | |
| control field | 14599113 |
| 005 - DATE AND TIME OF LATEST TRANSACTION | |
| control field | 20260120070712.0 |
| 008 - FIXED-LENGTH DATA ELEMENTS--GENERAL INFORMATION | |
| fixed length control field | 061017s2006 nyua b 001 0 eng |
| 020 ## - INTERNATIONAL STANDARD BOOK NUMBER | |
| International Standard Book Number | 9780465056521 |
| Qualifying information | (pbk.) |
| 020 ## - INTERNATIONAL STANDARD BOOK NUMBER | |
| International Standard Book Number | 0465056520 |
| Qualifying information | (pbk.) |
| 082 ## - DEWEY DECIMAL CLASSIFICATION NUMBER | |
| Classification number | 618.9289 PER |
| 100 1# - MAIN ENTRY--PERSONAL NAME | |
| Personal name | Perry, Bruce D. |
| 245 14 - TITLE STATEMENT | |
| Title | The boy who was raised as a dog : |
| Remainder of title | and other stories from a child psychiatrist's notebook : what traumatized children can teach us about loss, love, and healing / |
| Statement of responsibility, etc. | Bruce D. Perry and Maia Szalavitz. |
| 260 ## - PUBLICATION, DISTRIBUTION, ETC. | |
| Place of publication, distribution, etc. | New York : |
| Name of publisher, distributor, etc. | Basic Books, |
| Date of publication, distribution, etc. | 2006. |
| 300 ## - PHYSICAL DESCRIPTION | |
| Extent | ix, 275 p. : |
| Other physical details | ill. ; |
| Dimensions | 25 cm. |
| 505 0# - FORMATTED CONTENTS NOTE | |
| Formatted contents note | Tina's world -- For your own good -- Stairway to heaven -- Skin hunger -- The coldest heart -- The boy who was raised as a dog -- Satanic panic -- The raven -- "Mom is lying. Mom is hurting me. Please call the police" -- The kindness of children -- Healing communities. |
| 650 #0 - SUBJECT ADDED ENTRY--TOPICAL TERM | |
| Topical term or geographic name entry element | Child psychiatry |
| Form subdivision | Popular works. |
| 650 #0 - SUBJECT ADDED ENTRY--TOPICAL TERM | |
| Topical term or geographic name entry element | Psychic trauma in children |
| Form subdivision | Case studies. |
| 650 12 - SUBJECT ADDED ENTRY--TOPICAL TERM | |
| Topical term or geographic name entry element | Stress Disorders, Post-Traumatic |
| General subdivision | therapy |
| Form subdivision | Case Reports. |
| 655 #7 - INDEX TERM--GENRE/FORM | |
| Genre/form data or focus term | Case studies. |
| Source of term | lcgft |
| Authority record control number or standard number | https://id.loc.gov/authorities/genreForms/gf2017026140 |
| 700 1# - ADDED ENTRY--PERSONAL NAME | |
| Personal name | Szalavitz, Maia. |
| 856 41 - ELECTRONIC LOCATION AND ACCESS | |
| Materials specified | Table of contents |
| Uniform Resource Identifier | <a href="http://www.loc.gov/catdir/toc/ecip073/2006034440.html">http://www.loc.gov/catdir/toc/ecip073/2006034440.html</a> |
| 942 ## - ADDED ENTRY ELEMENTS (KOHA) | |
| Source of classification or shelving scheme | Dewey Decimal Classification |
| Koha item type | BOOKs |
| Withdrawn status | Lost status | Damaged status | Not for loan | Home library | Current library | Shelving location | Date acquired | Cost, normal purchase price | Total Checkouts | Total Renewals | Full call number | Barcode | Date last seen | Date last checked out | Price effective from | Koha item type |
|---|---|---|---|---|---|---|---|---|---|---|---|---|---|---|---|---|
| . | . | General Stacks | 30.05.2017 | 755.00 | 1 | 2 | 618.9289 PER | 34802 | 14.06.2024 | 05.03.2020 | 30.05.2017 | BOOKs |